| 000 -LEADER | |
|---|---|
| fixed length control field | 00781nam a22002417a 4500 |
| 003 - CONTROL NUMBER IDENTIFIER | |
| control field | OSt |
| 005 - DATE AND TIME OF LATEST TRANSACTION | |
| control field | 20250420134823.0 |
| 008 - FIXED-LENGTH DATA ELEMENTS--GENERAL INFORMATION | |
| fixed length control field | 211115b ||||| |||| 00| 0 eng d |
| 020 ## - INTERNATIONAL STANDARD BOOK NUMBER | |
| International Standard Book Number | 9780136534457 |
| 040 ## - CATALOGING SOURCE | |
| Transcribing agency | KCST |
| 082 ## - DEWEY DECIMAL CLASSIFICATION NUMBER | |
| Classification number | 428.24 |
| Item number | Az Fu |
| 100 ## - MAIN ENTRY--PERSONAL NAME | |
| Personal name | Azar, Betty Schrampfer |
| Dates associated with a name | 1941- |
| 9 (RLIN) | 5540 |
| 245 ## - TITLE STATEMENT | |
| Title | Fundamentals of English grammar / |
| Statement of responsibility, etc. | Betty Schrampfer Azar; Stacy A Hagen |
| 250 ## - EDITION STATEMENT | |
| Edition statement | 5 |
| 260 ## - PUBLICATION, DISTRIBUTION, ETC. | |
| Place of publication, distribution, etc. | Hoboken, NJ : |
| Name of publisher, distributor, etc. | Pearson Education, |
| Date of publication, distribution, etc. | [2020] ©2020 |
| 300 ## - PHYSICAL DESCRIPTION | |
| Extent | 463 p. |
| Accompanying material | with MyEnglishLab access code inside |
| 650 ## - SUBJECT ADDED ENTRY--TOPICAL TERM | |
| Topical term or geographic name entry element | English language |
| Form subdivision | Textbooks for foreign speakers. |
| 9 (RLIN) | 4734 |
| 650 ## - SUBJECT ADDED ENTRY--TOPICAL TERM | |
| Topical term or geographic name entry element | English language |
| Form subdivision | Grammar |
| General subdivision | Problems, exercises, etc. |
| 9 (RLIN) | 5541 |
| 650 ## - SUBJECT ADDED ENTRY--TOPICAL TERM | |
| Topical term or geographic name entry element | English language. |
| 9 (RLIN) | 2090 |
| 700 ## - ADDED ENTRY--PERSONAL NAME | |
| Personal name | Hagen, Stacy A. |
| 9 (RLIN) | 5542 |
| 942 ## - ADDED ENTRY ELEMENTS (KOHA) | |
| Koha item type | Book |
| 942 ## - ADDED ENTRY ELEMENTS (KOHA) | |
| Source of classification or shelving scheme | Dewey Decimal Classification |
| Withdrawn status | Lost status | Source of classification or shelving scheme | Damaged status | Not for loan | Home library | Current library | Date acquired | Cost, normal purchase price | Total checkouts | Full call number | Barcode | Date last seen | Cost, replacement price | Price effective from | Koha item type |
|---|---|---|---|---|---|---|---|---|---|---|---|---|---|---|---|
| Dewey Decimal Classification | KCST Library | KCST Library | 15/11/2021 | 20.30 | 428.24 Az Fu | 1000001014 | 15/11/2021 | 20.30 | 15/11/2021 | Book | |||||
| Dewey Decimal Classification | KCST Library | KCST Library | 15/11/2021 | 20.30 | 428.24 Az Fu | 1000001015 | 15/11/2021 | 20.30 | 15/11/2021 | Book | |||||
| Dewey Decimal Classification | KCST Library | KCST Library | 15/11/2021 | 20.30 | 428.24 Az Fu | 1000001016 | 15/11/2021 | 20.30 | 15/11/2021 | Book |